000 00753nam a2200241 i 4500
001 bg
100 1 _aLIEBERT-KRACH, Irena
245 0 _aZbiór zadań z chemii dla maturzystów i kandydatów na wyższe uczelnie /
_cIrena Liebert-Krach.
260 _aWarszawa :
_bWydawnictwa Naukowo-Techniczne,
_c1996.
300 _a64, [2] s. ;
_c20 cm.
504 _aBibliogr.
650 4 _aChemia
655 4 _aĆwiczenia i zadania dla szkół średnich
020 _a8320419581
040 _cBPK
041 0 _apol
080 _a54
080 _a(075.3+076)
920 _a83-204-1958-1
942 _cKS
008 s pl f |000 0 pol
999 _c45924
_d45924
856 _uhttp://koha.tu.koszalin.pl/cgi-bin/koha/opac-detail.pl?biblionumber=45924
_yKatalog online BPK